• 首页
  • 本馆介绍
  • 公告通知
  • 最新文献
  • 馆藏检索
  • 电子资源
  • 读者导购
  • 参考咨询
  • 我的图书馆
  • 登录
  • 详细信息显示
  • 放入我的书架
  • 预约/预借图书
  • 作者相关作品
  • 分类相关作品
  • 丛书相关作品
  • 出版社相关作品

书目信息

  • 表格格式
  • 工作单格式
  • 卡片格式
题名:
心理学思考题解答
    
 
作者: ;宁波师院教育学科研究室 编
分册:  
出版信息: 宁波   宁波师院教育学科研究室  1985
页数: 167页
开本: 19cm
丛书名:
单 册:
中图分类: B84-44
科图分类:
主题词: 心理学--解题
电子资源:
ISBN:
000 00610nam0 2200205 45
001 0186009726
005 20060524084930.60
010    @dCNY0.86
100    @a19960215d1985 em y0chiy0121 ea
101 0  @achi
102    @aCN@b220000
105    @ay z 000yy
200 10 @a心理学思考题解答@Axin li xue si kao ti jie da@f宁波师院教育学科研究室编@FNing Bo Shi Yuan Jiao Yu Xue Ke Yan Jiu Shi Bian
210    @a宁波@c宁波师院教育学科研究室@d1985
215    @a167页@d19cm
606    @a心理学@x解题
690    @aB84-44@v3
711 02 @a宁波师院教育学科研究室@4编
801  0 @aCN@bNLC@c20060524
905    @dB84-44@e103
    
    心理学思考题解答/宁波师院教育学科研究室编.-宁波:宁波师院教育学科研究室,1985
    167页;19cm
    
    
    ISBN :CNY0.86
    
●
相关链接 在E读中查询图书 在五车中查询图书 在当当中查询图书 在豆瓣中查询图书


正题名:心理学思考题解答     索取号:B84-44/103         预约/预借

序号 登录号 条形码 馆藏地/架位号 状态 备注
1 0133151   000524622   密集书库/ [索取号:B84-44/103] 在馆    
2 0133154   202137204   密集书库/ [索取号:B84-44/103] 在馆    
3 0133155   202382368   密集书库/ [索取号:B84-44/103] 在馆    
4 0133156   202137286   密集书库/ [索取号:B84-44/103] 在馆    
5 0133158   000524196   密集书库/ [索取号:B84-44/103] 在馆    
6 0133159   202137240   密集书库/ [索取号:B84-44/103] 在馆    
7 0133162   000524230   密集书库/ [索取号:B84-44/103] 在馆    
8 0133163   202137320   密集书库/ [索取号:B84-44/103] 在馆    
9 0133164   001469841   第一样本阅览室/ [索取号:B84-44/103] 在馆    
10 0133165   001863610   密集书库/ [索取号:B84-44/103] 在馆    
唐山师范学院图书馆 欢迎您!
大连网信软件有限公司© 版权所有